00708 2200241 4500001002100000005001700021008004100038020002200079035002500101040001200126082002100138090002300159245009600182260005100278300003100329650001400360700001900374700001300393850001200406990001600418990001600434990001600450YOGYA-1012000000025420151012142609.0 eng  a978-602-982-790-3 a0010-101200000000254 aYOPDYOG 2[22]a726.143 09 aCoE 726.143 09 BOR aBOROBUDUR :bmajestic mysterious magnificent /cJohn N. Miksic...[et al.]; editor, Joop Ave aYogyakartabTaman Wisata Candi Borobudurc2010 a272 hlm ;bilus. ;c30 cm. aBorobudur aJohn N. Miksic aJoop Ave aYOPDYOG a020-PD/A.12 a021-PD/A.12 a022-PD/A.12